00592nam a22001817a 450000500170000001000150001702000260003203500140005803700130007208200130008510000180009824501110011626000460022727000650027330000280033870000190036670000250038520220729115558.0 aENG-134091 a9780143426752c299.00 aEN-117623 bDBAB/PUB a325.0954 aDebroy, Bibek aIndian Railways:bThe Weaving Of a National Tapestry/cBibek Debroy, Sanjay Chadha and Vidya Krishnamurthi aGurgaonbRandom House India Pvt Ltdc2017 a7th Floor, Infinity Tower C, DLF Cyber CitybGurgaone122002 axxiii, 224p.c20cm(pbk) aChadha, Sanjay aKrishnamurthi, Vidya